Journal of Economic Issues

Bibliographic Details
Corporate Author: Association for Evolutionary Economics
Format: eBook
Language:English
Published: Estados Unidos Association for Evolutionary Economics 2008
Subjects:
Online Access:Acceso restringido

MARC

LEADER 00000nam a22000007a 4500
005 2016012100450.0
007 cr|||| ||u|
008 160121s19942008-usqn|pss|||| 0||| 1eng d
022 |a 0021-3624  
035 |a 2879 
040 |a vLex 
090 |c 5810  |d 5810 
245 1 0 |a Journal of Economic Issues  |h [Recurso electrn̤ico] /  |c Association for Evolutionary Economics  
256 |a Servicio en ln̕ea  
260 |a Estados Unidos   |b Association for Evolutionary Economics   |c 2008 
300 |a 1 recurso electrn̤ico 
310 |a Trimestral 
506 |a Contenido solo disponible en los productos indicados  |d vLex Global  |d vLex Global (Academic Edition, excluding Law Schools)  |d vLex Global (U.S. Academic Edition, Law Schools)  |d vLex Global (U.S. Academic Edition, excluding Law Schools)  |d vLex Global (Academic Edition, Law Schools) 
650 0 4 |a Economia  |z Estados Unidos 
710 |a Association for Evolutionary Economics  
740 0 |a vLex revista (servicio en ln̕ea)  
856 4 0 |u http://vlex.com/source/journal-economic-issues-2879  |z Acceso restringido 
942 |c REV 
999 0 |a Economics